| 000 | 00564nam a2200217 a 4500 | ||
|---|---|---|---|
| 999 |
_c8908 _d8908 |
||
| 001 | 8908 | ||
| 003 | BD-JhCC | ||
| 005 | 20180312121236.0 | ||
| 008 | 180305b1984 usa |||| |||| 000 0 eng d | ||
| 035 | _a(BD-JhCC)8908 | ||
| 040 |
_aBD-JhCC _dBD-JhCC |
||
| 041 | _aeng | ||
| 082 |
_a372.632 _bWAL 1984 |
||
| 100 | _aWallace, Eunice Ewer | ||
| 245 |
_aThe Reverside Spelling Program / _cEunice Ewer Wallace |
||
| 260 |
_aUSA: _bThe riverside publishing company; _c1984 |
||
| 300 |
_a192 p;, _c24 cm |
||
| 650 | _aSpelling | ||
| 942 |
_2ddc _cBK |
||